Catalog

Record Details

Catalog Search



Available copies

  • 1 of 1 copy available at LARL/NWRL Consortium.

Current holds

0 current holds with 1 total copy.

Show Only Available Copies
Location Call Number / Copy Notes Barcode Shelving Location Status Due Date
Roseau Public Library e CAR (Text) 35500006931008 New Available -

Record details

  • ISBN: 9780060740757
  • ISBN: 0060740752
  • ISBN: 0060740760 (lib. bdg.)
  • ISBN: 9780060740764 (lib. bdg.)
  • ISBN: 9780062120038 (Kohl's)
  • Physical Description: 1 v. (unpaged) : col. ill. ; 31 cm.
  • Edition: 1st ed.
  • Publisher: New York : HarperCollins, c2005.

Content descriptions

Summary, etc.:
When a storm strikes a cargo ship, ten rubber ... Read More
Awards Note:
Laura Ingalls Wilder award, 2003.
Subject: Sound effects books > Specimens.
Toys > Fiction.
Ducks > Fiction.
Animals > Fiction.
Sound effects books
Toy and movable books.
LDR 01495cam a2200409 a 4500
00155932
003LARL_NWRL_CONSORTIUM
00520170627204112.0
008040122s2005 nyua a 000 1 eng
010 . ‡a2004001420
020 . ‡a9780060740757
020 . ‡a0060740752
020 . ‡a0060740760 (lib. bdg.)
020 . ‡a9780060740764 (lib. bdg.)
020 . ‡a9780062120038 (Kohl's)
035 . ‡a(OCoLC)54500722
040 . ‡aDLC ‡cDLC ‡dXY4 ‡dEHH ‡dBAKER ‡dIXA ‡dBTCTA ‡dYDXCP ‡dIG#
042 . ‡alcac
08214. ‡a[E] ‡222
1001 . ‡aCarle, Eric. ‡0(LARL_NWRL_CONSORTIUM)3951
24510. ‡a10 little rubber ducks / ‡cEric Carle.
2463 . ‡aTen little rubber ducks
250 . ‡a1st ed.
260 . ‡aNew York : ‡bHarperCollins, ‡cc2005.
300 . ‡a1 v. (unpaged) : ‡bcol. ill. ; ‡c31 cm.
586 . ‡aLaura Ingalls Wilder award, 2003.
520 . ‡aWhen a storm strikes a cargo ship, ten rubber ducks are tossed overboard and swept off in ten different directions. Based on a factual incident.
650 0. ‡aSound effects books ‡vSpecimens. ‡0(LARL_NWRL_CONSORTIUM)167504
650 1. ‡aToys ‡vFiction.
650 1. ‡aDucks ‡vFiction.
650 1. ‡aAnimals ‡vFiction. ‡0(LARL_NWRL_CONSORTIUM)162060
650 1. ‡aSound effects books ‡0(LARL_NWRL_CONSORTIUM)36711
650 1. ‡aToy and movable books. ‡0(LARL_NWRL_CONSORTIUM)32882
901 . ‡a55932 ‡bOCLC ‡c55932 ‡tbiblio

Additional Resources